| 000 | 00706nam a22002057a 4500 | ||
|---|---|---|---|
| 005 | 20251108171914.0 | ||
| 008 | 250721s1998 xx 000 0 ara d | ||
| 082 | 1 | 4 | _a218.61/منا |
| 100 | 1 |
_aنادر، جمال _eترجمة |
|
| 245 | 1 | 0 |
_aالمناظرة المدينة في علم مقارنة الأديان بين ديدات و سواجارت : _bداعية العصر أحمد ديدات / |
| 264 | 1 |
_aعمان : _bدار الإسراء، _c1998. |
|
| 300 | _a80ص. | ||
| 650 | 1 | 7 | _aالمناظرات |
| 650 | 1 | 7 | _aالإسلام |
| 650 | 1 | 7 | _aدفع المطاعن |
| 650 | 1 | 7 | _aالمسيحية |
| 653 | _aناشئون كبار (15-18 سنة) | ||
| 942 |
_2ddc _cBK |
||
| 999 |
_c65606 _d65606 |
||